| 000 | 00819nam a2200265 a 4500 | ||
|---|---|---|---|
| 001 | 70960 | ||
| 003 | BD-RJUL | ||
| 005 | 20211209082049.0 | ||
| 008 | 170417s1965 nyuab b 001 0 engdd | ||
| 035 | _a(BD-RJUL)71174 | ||
| 040 |
_aDLC _cOOrrW _d*SER* _dCU-SB _dCStRLIN _dBD-RJUL _beng |
||
| 041 | _aeng | ||
| 082 |
_a551.46 _223 _bYAO 1965 |
||
| 090 |
_aGC21 _b.Y3 1965 |
||
| 100 | 1 |
_aYasso, Warren E. _9209982 |
|
| 245 | 1 | 0 |
_aOceanography : _ba study of inner space / _cWarren E. Yasso |
| 260 |
_aNew York : _bHolt, Rinehart & Winston, _cc1965. |
||
| 300 |
_a176 p. : _bill. ; _c22 cm |
||
| 490 | 1 | _aHolt library of science series | |
| 504 | _aBibliography: p. 165-166 & Index. | ||
| 650 | 0 |
_aOceanography _9209983 |
|
| 830 | 0 |
_aHolt library of science series _9209984 |
|
| 942 |
_2ddc _cBK |
||
| 999 |
_c70960 _d70960 |
||